Más allá de las fronteras de la realidad
Đã lưu trong:
| Tác giả chính: | |
|---|---|
| Định dạng: | Sách |
| Ngôn ngữ: | Tiếng Tây Ban Nha |
| Được phát hành: |
Santiago
Patricia Ready Galería
2012
|
| Phiên bản: | 1a. ed |
| Những chủ đề: | |
| Các nhãn: |
Thêm thẻ
Không có thẻ, Là người đầu tiên thẻ bản ghi này!
|
MARC
| LEADER | 00000cam a2200000 a 4500 | ||
|---|---|---|---|
| 001 | UCC4653 | ||
| 003 | CL-VaPUC | ||
| 008 | 180817e20120000cl |||||||||||||||||spa|d | ||
| 082 | 0 | 4 | |a 770.92 |b SIL |2 21 |
| 100 | 0 | |a Silva-Meinel, Javier |e author |9 598868 | |
| 245 | 1 | 0 | |a Más allá de las fronteras de la realidad |
| 250 | |a 1a. ed | ||
| 300 | |a 16 p | ||
| 942 | |c BK | ||
| 945 | |d 20180817 12:57:00 |a dcastane | ||
| 260 | |a Santiago |b Patricia Ready Galería |c 2012 | ||
| 650 | 0 | |a Fotografía artística |9 269391 | |
| 650 | 0 | |a Fotografía de paisajes |9 327778 | |
| 650 | 7 | |a FOTOGRAFIA DE PERSONAS |2 CL-VaPUC |9 598869 | |
| 650 | 7 | |a FOTOGRAFIA DE NIÑOS |2 CL-VaPUC |9 327621 | |
| 583 | |a last modification |c 20180817 12:57:00 |k Rodrigo Vera | ||
| 999 | |c 372105 |d 372103 | ||
| 952 | |0 0 |1 0 |3 erb |4 0 |6 770_920000000000000_SIL_2012 |7 0 |8 R |9 489370 |a BIBART |b BIBART |i 5488176 |o 770.92 SIL 2012 |p 5488176 |r 2025-03-13 |w 2019-11-24 |y BK_R |z Catalogado en:20180817 |k ART | ||